000 00432nam a22001817a 4500
003 MPLRDC
005 20220104114513.0
008 210129b ||||| |||| 00| 0 eng d
020 _a7-5362-1084-1
082 _a539.8 WB v.4
100 _a文波
245 _a绝妙阿凡提全集. 四
_c
250 _a一版一刷
260 _a
_b岭南美术出版社
_c1994
300 _b
650 _a笑话
942 _cBK
_o539.8 WB v.4
999 _c7988
_d7978